<?xml version="1.0" encoding="UTF-8"?>
<record
    xmlns:xsi="http://www.w3.org/2001/XMLSchema-instance"
    xsi:schemaLocation="http://www.loc.gov/MARC21/slim http://www.loc.gov/standards/marcxml/schema/MARC21slim.xsd"
    xmlns="http://www.loc.gov/MARC21/slim">

  <leader>02166nas a22004817a 4500</leader>
  <controlfield tag="003">CHAP</controlfield>
  <controlfield tag="005">20220329143423.0</controlfield>
  <controlfield tag="008">001017            m  p rnn   0   b1Eng d</controlfield>
  <datafield tag="010" ind1=" " ind2=" ">
    <subfield code="a">96327</subfield>
  </datafield>
  <datafield tag="011" ind1=" " ind2=" ">
    <subfield code="a">97299</subfield>
  </datafield>
  <datafield tag="022" ind1=" " ind2=" ">
    <subfield code="a">0925-9864</subfield>
  </datafield>
  <datafield tag="035" ind1=" " ind2=" ">
    <subfield code="a">107963</subfield>
  </datafield>
  <datafield tag="040" ind1=" " ind2=" ">
    <subfield code="c">CHAP</subfield>
  </datafield>
  <datafield tag="245" ind1="0" ind2="0">
    <subfield code="a">Genetic resouces and crop evolution</subfield>
  </datafield>
  <datafield tag="260" ind1="0" ind2=" ">
    <subfield code="a">Dordrecht, The Netherlands:</subfield>
    <subfield code="b">Springer</subfield>
    <subfield code="c">19-</subfield>
  </datafield>
  <datafield tag="300" ind1=" " ind2=" ">
    <subfield code="a">v.</subfield>
  </datafield>
  <datafield tag="310" ind1=" " ind2=" ">
    <subfield code="a">mensual</subfield>
  </datafield>
  <datafield tag="362" ind1=" " ind2=" ">
    <subfield code="a">v.55 n.7,2008</subfield>
  </datafield>
  <datafield tag="590" ind1=" " ind2=" ">
    <subfield code="a">BATCH-UPD</subfield>
    <subfield code="b">10</subfield>
    <subfield code="c">20130110</subfield>
    <subfield code="l">UCH01</subfield>
    <subfield code="h">0506</subfield>
  </datafield>
  <datafield tag="590" ind1=" " ind2=" ">
    <subfield code="a">BATCH-UPD</subfield>
    <subfield code="b">10</subfield>
    <subfield code="c">20130410</subfield>
    <subfield code="l">UCH01</subfield>
    <subfield code="h">0144</subfield>
  </datafield>
  <datafield tag="590" ind1=" " ind2=" ">
    <subfield code="a">BATCH-UPD</subfield>
    <subfield code="b">10</subfield>
    <subfield code="c">20130914</subfield>
    <subfield code="l">UCH01</subfield>
    <subfield code="h">1123</subfield>
  </datafield>
  <datafield tag="590" ind1=" " ind2=" ">
    <subfield code="a">CONVERSION</subfield>
    <subfield code="b">10</subfield>
    <subfield code="c">20130109</subfield>
    <subfield code="l">UCH01</subfield>
    <subfield code="h">1353</subfield>
  </datafield>
  <datafield tag="650" ind1="0" ind2="4">
    <subfield code="a">Cultivos</subfield>
    <subfield code="x">Publicaciones peri&#xF3;dicas.</subfield>
    <subfield code="9">30313</subfield>
  </datafield>
  <datafield tag="650" ind1="0" ind2="4">
    <subfield code="a">Recursos gen&#xE9;ticos</subfield>
    <subfield code="x">Publicaciones peri&#xF3;dicas.</subfield>
    <subfield code="9">95084</subfield>
  </datafield>
  <datafield tag="852" ind1=" " ind2="2">
    <subfield code="y">ISSUE</subfield>
    <subfield code="d">2012-12-17</subfield>
    <subfield code="5">03</subfield>
  </datafield>
  <datafield tag="852" ind1=" " ind2="2">
    <subfield code="y">ISSUE</subfield>
    <subfield code="d">2012-12-17</subfield>
    <subfield code="5">03</subfield>
  </datafield>
  <datafield tag="852" ind1=" " ind2="2">
    <subfield code="y">ISSUE</subfield>
    <subfield code="d">2012-12-17</subfield>
    <subfield code="5">03</subfield>
  </datafield>
  <datafield tag="852" ind1=" " ind2="2">
    <subfield code="y">ISSUE</subfield>
    <subfield code="d">2012-12-17</subfield>
    <subfield code="5">03</subfield>
  </datafield>
  <datafield tag="852" ind1=" " ind2="2">
    <subfield code="y">ISSUE</subfield>
    <subfield code="d">2012-12-17</subfield>
    <subfield code="5">03</subfield>
  </datafield>
  <datafield tag="852" ind1=" " ind2="2">
    <subfield code="y">ISSUE</subfield>
    <subfield code="d">2012-12-17</subfield>
    <subfield code="5">03</subfield>
  </datafield>
  <datafield tag="866" ind1=" " ind2=" ">
    <subfield code="a">v. 55 n. 3 (June 2008) - v. 55 n. 8 (December 2008)</subfield>
  </datafield>
  <datafield tag="866" ind1=" " ind2=" ">
    <subfield code="a">v.53 n.1-8 - (2006)</subfield>
  </datafield>
  <datafield tag="866" ind1=" " ind2=" ">
    <subfield code="a">v.54 n.1-8 - (2007)</subfield>
  </datafield>
  <datafield tag="901" ind1=" " ind2=" ">
    <subfield code="a">SE</subfield>
  </datafield>
  <datafield tag="905" ind1=" " ind2=" ">
    <subfield code="a">Araceli Hern&#xE1;ndez G&#xF3;mez.</subfield>
  </datafield>
  <datafield tag="942" ind1=" " ind2=" ">
    <subfield code="c">ISSUE</subfield>
  </datafield>
  <datafield tag="949" ind1=" " ind2=" ">
    <subfield code="b">BC</subfield>
    <subfield code="c">PS</subfield>
    <subfield code="d">203153</subfield>
    <subfield code="e">PS</subfield>
    <subfield code="f">v. 55 n. 3 ( February 2008)</subfield>
    <subfield code="i">107963</subfield>
    <subfield code="j">55</subfield>
    <subfield code="s">n</subfield>
  </datafield>
  <datafield tag="949" ind1=" " ind2=" ">
    <subfield code="b">BC</subfield>
    <subfield code="c">PS</subfield>
    <subfield code="d">204970</subfield>
    <subfield code="e">PS</subfield>
    <subfield code="f">v. 55 n. 4 ( February 2008)</subfield>
    <subfield code="i">107963</subfield>
    <subfield code="j">55</subfield>
    <subfield code="s">n</subfield>
  </datafield>
  <datafield tag="949" ind1=" " ind2=" ">
    <subfield code="b">BC</subfield>
    <subfield code="c">PS</subfield>
    <subfield code="d">204971</subfield>
    <subfield code="e">PS</subfield>
    <subfield code="f">v. 55 n. 5 ( February 2008)</subfield>
    <subfield code="i">107963</subfield>
    <subfield code="j">55</subfield>
    <subfield code="s">n</subfield>
  </datafield>
  <datafield tag="949" ind1=" " ind2=" ">
    <subfield code="b">BC</subfield>
    <subfield code="c">PS</subfield>
    <subfield code="d">204972</subfield>
    <subfield code="e">PS</subfield>
    <subfield code="f">v. 55 n. 6 ( February 2008)</subfield>
    <subfield code="i">107963</subfield>
    <subfield code="j">55</subfield>
    <subfield code="s">n</subfield>
  </datafield>
  <datafield tag="949" ind1=" " ind2=" ">
    <subfield code="b">BC</subfield>
    <subfield code="c">PS</subfield>
    <subfield code="d">204973</subfield>
    <subfield code="e">PS</subfield>
    <subfield code="f">v. 55 n. 7 ( February 2008)</subfield>
    <subfield code="i">107963</subfield>
    <subfield code="j">55</subfield>
    <subfield code="s">n</subfield>
  </datafield>
  <datafield tag="949" ind1=" " ind2=" ">
    <subfield code="b">BC</subfield>
    <subfield code="c">PS</subfield>
    <subfield code="d">204974</subfield>
    <subfield code="e">PS</subfield>
    <subfield code="f">v. 55 n. 8 ( March 2008)</subfield>
    <subfield code="i">107963</subfield>
    <subfield code="j">55</subfield>
    <subfield code="s">n</subfield>
  </datafield>
  <datafield tag="999" ind1=" " ind2=" ">
    <subfield code="c">96327</subfield>
    <subfield code="d">96327</subfield>
  </datafield>
  <datafield tag="952" ind1=" " ind2=" ">
    <subfield code="0">0</subfield>
    <subfield code="1">0</subfield>
    <subfield code="2">local</subfield>
    <subfield code="4">0</subfield>
    <subfield code="5">1</subfield>
    <subfield code="7">0</subfield>
    <subfield code="8">PS</subfield>
    <subfield code="a">BC</subfield>
    <subfield code="b">BC</subfield>
    <subfield code="c">PB_PS</subfield>
    <subfield code="d">2012-12-17</subfield>
    <subfield code="f">ISSUE</subfield>
    <subfield code="l">0</subfield>
    <subfield code="p">203153</subfield>
    <subfield code="r">2019-12-31 00:00:00</subfield>
    <subfield code="t">v. 55 n. 3 ( February 2008)</subfield>
    <subfield code="w">2012-12-17</subfield>
    <subfield code="y">ISSUE</subfield>
    <subfield code="z">Recien adquirido</subfield>
  </datafield>
  <datafield tag="952" ind1=" " ind2=" ">
    <subfield code="0">0</subfield>
    <subfield code="1">0</subfield>
    <subfield code="2">local</subfield>
    <subfield code="4">0</subfield>
    <subfield code="5">1</subfield>
    <subfield code="7">0</subfield>
    <subfield code="8">PS</subfield>
    <subfield code="a">BC</subfield>
    <subfield code="b">BC</subfield>
    <subfield code="c">PB_PS</subfield>
    <subfield code="d">2012-12-17</subfield>
    <subfield code="f">ISSUE</subfield>
    <subfield code="l">0</subfield>
    <subfield code="p">204970</subfield>
    <subfield code="r">2019-12-31 00:00:00</subfield>
    <subfield code="t">v. 55 n. 4 ( February 2008)</subfield>
    <subfield code="w">2012-12-17</subfield>
    <subfield code="y">ISSUE</subfield>
    <subfield code="z">Recien adquirido</subfield>
  </datafield>
  <datafield tag="952" ind1=" " ind2=" ">
    <subfield code="0">0</subfield>
    <subfield code="1">0</subfield>
    <subfield code="2">local</subfield>
    <subfield code="4">0</subfield>
    <subfield code="5">1</subfield>
    <subfield code="7">0</subfield>
    <subfield code="8">PS</subfield>
    <subfield code="a">BC</subfield>
    <subfield code="b">BC</subfield>
    <subfield code="c">PB_PS</subfield>
    <subfield code="d">2012-12-17</subfield>
    <subfield code="f">ISSUE</subfield>
    <subfield code="l">0</subfield>
    <subfield code="p">204971</subfield>
    <subfield code="r">2019-12-31 00:00:00</subfield>
    <subfield code="t">v. 55 n. 5 ( February 2008)</subfield>
    <subfield code="w">2012-12-17</subfield>
    <subfield code="y">ISSUE</subfield>
    <subfield code="z">Recien adquirido</subfield>
  </datafield>
  <datafield tag="952" ind1=" " ind2=" ">
    <subfield code="0">0</subfield>
    <subfield code="1">0</subfield>
    <subfield code="2">local</subfield>
    <subfield code="4">0</subfield>
    <subfield code="5">1</subfield>
    <subfield code="7">0</subfield>
    <subfield code="8">PS</subfield>
    <subfield code="a">BC</subfield>
    <subfield code="b">BC</subfield>
    <subfield code="c">PB_PS</subfield>
    <subfield code="d">2012-12-17</subfield>
    <subfield code="f">ISSUE</subfield>
    <subfield code="l">0</subfield>
    <subfield code="p">204972</subfield>
    <subfield code="r">2019-12-31 00:00:00</subfield>
    <subfield code="t">v. 55 n. 6 ( February 2008)</subfield>
    <subfield code="w">2012-12-17</subfield>
    <subfield code="y">ISSUE</subfield>
    <subfield code="z">Recien adquirido</subfield>
  </datafield>
  <datafield tag="952" ind1=" " ind2=" ">
    <subfield code="0">0</subfield>
    <subfield code="1">0</subfield>
    <subfield code="2">local</subfield>
    <subfield code="4">0</subfield>
    <subfield code="5">1</subfield>
    <subfield code="7">0</subfield>
    <subfield code="8">PS</subfield>
    <subfield code="a">BC</subfield>
    <subfield code="b">BC</subfield>
    <subfield code="c">PB_PS</subfield>
    <subfield code="d">2012-12-17</subfield>
    <subfield code="f">ISSUE</subfield>
    <subfield code="l">0</subfield>
    <subfield code="p">204973</subfield>
    <subfield code="r">2019-12-31 00:00:00</subfield>
    <subfield code="t">v. 55 n. 7 ( February 2008)</subfield>
    <subfield code="w">2012-12-17</subfield>
    <subfield code="y">ISSUE</subfield>
    <subfield code="z">Recien adquirido</subfield>
  </datafield>
  <datafield tag="952" ind1=" " ind2=" ">
    <subfield code="0">0</subfield>
    <subfield code="1">0</subfield>
    <subfield code="2">local</subfield>
    <subfield code="4">0</subfield>
    <subfield code="5">1</subfield>
    <subfield code="7">0</subfield>
    <subfield code="8">PS</subfield>
    <subfield code="a">BC</subfield>
    <subfield code="b">BC</subfield>
    <subfield code="c">PB_PS</subfield>
    <subfield code="d">2012-12-17</subfield>
    <subfield code="f">ISSUE</subfield>
    <subfield code="l">0</subfield>
    <subfield code="p">204974</subfield>
    <subfield code="r">2019-12-31 00:00:00</subfield>
    <subfield code="t">v. 55 n. 8 ( March 2008)</subfield>
    <subfield code="w">2012-12-17</subfield>
    <subfield code="y">ISSUE</subfield>
    <subfield code="z">Recien adquirido</subfield>
  </datafield>
</record>
